000 00358nam a2200133Ia 4500
005 20260328104252.0
008 260328s9999||||xx |||||||||||||| ||und||
100 _aKotnik, Jure
245 0 _aNew container Architecture :
_b Manual practico y 30 Proyectos /
_cJure Kotnik
260 _bLinks
300 _a299 p.
650 _aARQUITECTURA CIVIL
942 _cBK
999 _c10299
_d10299